<?xml version="1.0" encoding="UTF-8"?>
<collection xmlns="http://www.loc.gov/MARC21/slim">
 <record>
  <leader>01047nam a22002175a 4500</leader>
  <controlfield tag="001">EUN.eunm007292</controlfield>
  <controlfield tag="005">20180314105002.0</controlfield>
  <controlfield tag="008">180312s2017####ag#a#####b####000#0#spa#d</controlfield>
  <datafield tag="020" ind1=" " ind2=" ">
   <subfield code="a">9789874257659</subfield>
  </datafield>
  <datafield tag="082" ind1="0" ind2="4">
   <subfield code="a">982.1</subfield>
   <subfield code="2">15</subfield>
  </datafield>
  <datafield tag="100" ind1="1" ind2=" ">
   <subfield code="a">Ciarniello, Nicolás.</subfield>
  </datafield>
  <datafield tag="245" ind1="1" ind2="0">
   <subfield code="a">Monte Hermoso :</subfield>
   <subfield code="b">goleta Lucinda Sutton : hotel de madera /</subfield>
   <subfield code="c">Nicolás Ciarniello.</subfield>
  </datafield>
  <datafield tag="260" ind1=" " ind2=" ">
   <subfield code="a">[Bahía Blanca] :</subfield>
   <subfield code="b">Nicolás Ciarniello,</subfield>
   <subfield code="c">c2017.</subfield>
  </datafield>
  <datafield tag="300" ind1=" " ind2=" ">
   <subfield code="a">95 p. :</subfield>
   <subfield code="b">il. ;</subfield>
   <subfield code="c">18 x 27 cm.</subfield>
  </datafield>
  <datafield tag="504" ind1=" " ind2=" ">
   <subfield code="a">Incluye referencias bibliográficas.</subfield>
  </datafield>
  <datafield tag="505" ind1="0" ind2=" ">
   <subfield code="a">Volvimos a Monte Hermoso -- 1. Prehistoria -- 2. Tierras -- 3. Viajeros y mapas -- 4. Tradición marinera en EEUU. Punto de origen de la Lucinda Sutton -- 5. Lucinda Sutton -- 6. Vaivenes de la madera -- 7. Hotel de madera -- Escrituras -- Bibliografía.</subfield>
  </datafield>
  <datafield tag="650" ind1=" " ind2="7">
   <subfield code="a">Historia.</subfield>
   <subfield code="2">unbist</subfield>
  </datafield>
  <datafield tag="651" ind1=" " ind2="0">
   <subfield code="a">Monte Hermoso (Argentina)</subfield>
  </datafield>
  <datafield tag="653" ind1=" " ind2=" ">
   <subfield code="a">Buenos Aires (Argentina : Provincia)</subfield>
  </datafield>
  <datafield tag="859" ind1=" " ind2=" ">
   <subfield code="a">AR-BaUNS</subfield>
   <subfield code="b">BIB. CENTRAL - Sector A</subfield>
   <subfield code="h">982.1</subfield>
   <subfield code="i">C481-3</subfield>
   <subfield code="p">126460/018</subfield>
  </datafield>
  <datafield tag="859" ind1=" " ind2=" ">
   <subfield code="a">AR-BaUNS</subfield>
   <subfield code="b">BIB. CENTRAL - Sector A</subfield>
   <subfield code="h">982.1</subfield>
   <subfield code="i">C481-3</subfield>
   <subfield code="p">126461/018</subfield>
   <subfield code="t">Ej.2</subfield>
  </datafield>
 </record>
</collection>
